Oh! gua
| Format: | Book |
|---|---|
| Published: |
Selangor :
Karisma ,
2006
|
| Series: | Siri pengalaman ekspedisi
|
| Subjects: |
MARC
| LEADER | 00000cam a2200000 7i4500 | ||
|---|---|---|---|
| 001 | 0000054607 | ||
| 005 | 20220105105354.0 | ||
| 008 | 151108 | ||
| 020 | |a 831951662 | ||
| 090 | 0 | 0 | |a AD |b MAL |
| 245 | 0 | 0 | |a Oh! gua |
| 260 | |a Selangor : |b Karisma , |c 2006 | ||
| 300 | |a 55pg. | ||
| 490 | 1 | |a Siri pengalaman ekspedisi | |
| 500 | |a Children ages 7-9 years old (orange) | ||
| 650 | 0 | |a Children's story, Malay | |
| 999 | |a 0000951813 |b Book |c Children Collection |e Cawangan Tangkak | ||